Πολιτισμικός δυισμός και πολιτική αλλαγή στην Ελλάδα της μεταπολίτευσης : πλαίσο ερμηνείας
Αποθηκεύτηκε σε:
| Κύριος συγγραφέας: | |
|---|---|
| Άλλοι συγγραφείς: | |
| Μορφή: | Βιβλίο |
| Γλώσσα: | Greek English |
| Δημοσίευση: |
Αθήνα:
Αλεξάνδρεια,
2000.
|
| Σειρά: | Νεότερη και σύγχρονη ιστορία (Αλεξάνδρεια)
|
| Θέματα: | |
| Ετικέτες: |
Προσθήκη ετικέτας
Δεν υπάρχουν, Καταχωρήστε ετικέτα πρώτοι!
|
MARC
| LEADER | 00000cam a2200000 i 4500 | ||
|---|---|---|---|
| 001 | 1/46586 | ||
| 008 | 040112s2000 gr | ||| |||| ||gre|| | ||
| 020 | |a 9602211989 | ||
| 035 | |l 10071926 | ||
| 040 | |a GR-MyUa |b gre |e AACR2 | ||
| 041 | 1 | |a gre |a eng | |
| 082 | 7 | |a 306.2 |2 (23) | |
| 100 | 1 | |a Διαμαντούρος, Νικηφόρος. | |
| 245 | 1 | 0 | |a Πολιτισμικός δυισμός και πολιτική αλλαγή στην Ελλάδα της μεταπολίτευσης : |b πλαίσο ερμηνείας / |c Νικηφόρος Διαμαντούρος ; μετάφραση: Δημήτρης Α. Σωτηρόπουλος. |
| 260 | |a Αθήνα: |b Αλεξάνδρεια, |c 2000. | ||
| 300 | |a 159 σ. ; |c 21 εκ, | ||
| 490 | 1 | |a (Νεότερη και σύγχρονη ιστορία / Αλεξάνδρεια) | |
| 500 | |3 Τίτλος πρωτοτύπου: Cultural dualism and political change in post-authoritarian Greece. | ||
| 650 | 0 | |a Political sociology. | |
| 700 | 1 | |a Σωτηρόπουλος, Δημήτρης, |e trl | |
| 830 | 0 | |a Νεότερη και σύγχρονη ιστορία (Αλεξάνδρεια) | |
| 852 | |a INST |b RHODES |e 20040112 |h 306.2 ΔΙΑ |p 005400019702 |q 005400019702 |t BK |y 0 | ||
| 901 | |a BIBL4-2004-1 | ||
| 922 | |a 4ΕΛΗ |b 200310 |c ΕΠΕΑΕΚ2/ΤΕΠΑΕΣ |d ΜΙΧΑΛΟΠΟΥΛΟΣ | ||
| 950 | |a 096-2003-10-08 | ||
| 970 | |a Κουλακιότη |b Λίτσα |z 2004/02/16 | ||